| 000 | 00893nam a2200217 a 4500 | ||
|---|---|---|---|
| 003 | 0 | ||
| 005 | 20250317085245.0 | ||
| 008 | 071127s19uu xx 00 eng d | ||
| 050 |
_aPGS BF 723.B5.M68 _b.K49 2007 |
||
| 100 | _aKim, Deok Yoon. | ||
| 245 |
_aEffects of watching animated superhero movies on the behavior and emotions of grade 6 students / _cDeok Y00n Kim. |
||
| 260 |
_aLas PiƱas City, Philippines : _bSouthville International School and Colleges, _c2007. |
||
| 300 |
_aUnnumbered : _billustrations ; _c28 cm. |
||
| 504 | _aIncludes bibliographical references. | ||
| 650 |
_aSuperheroes in motion pictures _vInfluence on children. |
||
| 650 |
_aAnimated films _vPsychological aspects. |
||
| 650 |
_aChildren _vEffect of mass media on. |
||
| 650 |
_aMotion pictures and children _vBehavioral effects. |
||
| 650 | _aEmotional development in children. | ||
| 942 |
_2lcc _cPASS |
||
| 999 |
_c97728 _d97728 |
||